MARC details
| 000 -LEADER |
| fixed length control field |
02290cam a22003737a 4500 |
| 001 - CONTROL NUMBER |
| control field |
20352259 |
| 003 - CONTROL NUMBER IDENTIFIER |
| control field |
GZU |
| 005 - DATE AND TIME OF LATEST TRANSACTION |
| control field |
20220627142019.0 |
| 008 - FIXED-LENGTH DATA ELEMENTS--GENERAL INFORMATION |
| fixed length control field |
170906t20182018enk 000 1 eng d |
| 010 ## - LIBRARY OF CONGRESS CONTROL NUMBER |
| LC control number |
2017491519 |
| 020 ## - INTERNATIONAL STANDARD BOOK NUMBER |
| International Standard Book Number |
9781509842421 |
| Qualifying information |
hardback |
| 020 ## - INTERNATIONAL STANDARD BOOK NUMBER |
| International Standard Book Number |
150984242X |
| Qualifying information |
hardback |
| 020 ## - INTERNATIONAL STANDARD BOOK NUMBER |
| International Standard Book Number |
9781509885602 |
| Qualifying information |
paperback |
| 020 ## - INTERNATIONAL STANDARD BOOK NUMBER |
| International Standard Book Number |
9781509842438 |
| Qualifying information |
paperback |
| 035 ## - SYSTEM CONTROL NUMBER |
| System control number |
(OCoLC)on1016937548 |
| 040 ## - CATALOGING SOURCE |
| Original cataloging agency |
NZTPP |
| Language of cataloging |
eng |
| Transcribing agency |
NZTPP |
| Modifying agency |
CDX |
| -- |
YDX |
| -- |
NZHAU |
| -- |
OCLCF |
| -- |
SINLB |
| -- |
DLC |
| 042 ## - AUTHENTICATION CODE |
| Authentication code |
lccopycat |
| 050 00 - LIBRARY OF CONGRESS CALL NUMBER |
| Classification number |
PR6116. |
| Item number |
POW 2018 |
| 082 04 - DEWEY DECIMAL CLASSIFICATION NUMBER |
| Edition number |
23 |
| 100 1# - MAIN ENTRY--PERSONAL NAME |
| Personal name |
Powell, Jim, |
| Dates associated with a name |
1949- |
| Relator term |
author. |
| 245 10 - TITLE STATEMENT |
| Title |
Things we nearly knew / |
| Statement of responsibility, etc. |
Jim Powell. |
| 264 #1 - PRODUCTION, PUBLICATION, DISTRIBUTION, MANUFACTURE, AND COPYRIGHT NOTICE |
| Place of production, publication, distribution, manufacture |
London : |
| Name of producer, publisher, distributor, manufacturer |
Picador, an imprint of Pan Macmillan , |
| Date of production, publication, distribution, manufacture, or copyright notice |
2018. |
| 264 #4 - PRODUCTION, PUBLICATION, DISTRIBUTION, MANUFACTURE, AND COPYRIGHT NOTICE |
| Date of production, publication, distribution, manufacture, or copyright notice |
©2018 |
| 300 ## - PHYSICAL DESCRIPTION |
| Extent |
280 pages ; |
| Dimensions |
20cm |
| 500 ## - GENERAL NOTE |
| General note |
Domestic fiction<br/>Fiction<br/>Psychological fiction<br/>Romans, nouvelles, etc |
| 520 ## - SUMMARY, ETC. |
| Summary, etc. |
There's a bar at the crossroads on the way out of town. Or the way in, depending on whether you're coming or going. Marcie and her husband have run it for years. They had children once, but not any more. After thirty years of marriage, there aren't many secrets left. Couples often tell themselves that, although it's not always true. Arlene appeared in the bar one day not long before Franky Albertino came back, thinking she'd find someone she'd once known, looking for a man named Jack. Franky was hoping that people might have forgotten the mess he left the first time around. Both of them were wrong. Women were always Franky's problem. Women and money. What Arlene's problem is isn't clear. It's obvious she has a history, but then which of us doesn't? As Arlene gets closer to finding Jack - her father? Her lover? - the bar becomes a scene of a great unravelling; secrets buried a lifetime ago are dragged into the light. In Things We Nearly Knew, Jim Powell invites us to consider how much we know about the ones we love and finally asks: would you want to know the truth? |
| 650 #0 - SUBJECT ADDED ENTRY--TOPICAL TERM |
| Topical term or geographic name entry element |
Man-woman relationships |
| Form subdivision |
Fiction. |
| 650 #0 - SUBJECT ADDED ENTRY--TOPICAL TERM |
| Topical term or geographic name entry element |
Family secrets |
| Form subdivision |
Fiction. |
| 650 #0 - SUBJECT ADDED ENTRY--TOPICAL TERM |
| Topical term or geographic name entry element |
Married people |
| Form subdivision |
Fiction. |
| 906 ## - LOCAL DATA ELEMENT F, LDF (RLIN) |
| a |
7 |
| b |
cbc |
| c |
copycat |
| d |
3 |
| e |
ncip |
| f |
20 |
| g |
y-gencatlg |
| 942 ## - ADDED ENTRY ELEMENTS (KOHA) |
| Source of classification or shelving scheme |
Library of Congress Classification |
| Koha item type |
Books |
| Classification part |
6116 |
| Item part |
POW |
| Call number prefix |
PR |